Do the academic staff college justify their existence (a curative stand point) (Record no. 107080)

000 -LEADER
fixed length control field 00426pab a2200157 454500
008 - FIXED-LENGTH DATA ELEMENTS--GENERAL INFORMATION
fixed length control field 180718b2015 xxu||||| |||| 00| 0 eng d
100 ## - MAIN ENTRY--PERSONAL NAME
Personal name Harish Kumar
245 ## - TITLE STATEMENT
Title Do the academic staff college justify their existence (a curative stand point)
260 ## - PUBLICATION, DISTRIBUTION, ETC.
Date of publication, distribution, etc. 2015
300 ## - PHYSICAL DESCRIPTION
Extent p.3-8,12.
362 ## - DATES OF PUBLICATION AND/OR SEQUENTIAL DESIGNATION
Dates of publication and/or sequential designation 23 Feb
650 ## - SUBJECT ADDED ENTRY--TOPICAL TERM
Topical term or geographic name entry element Educational personnel
700 ## - ADDED ENTRY--PERSONAL NAME
Personal name Chauhan, R.K.
773 ## - HOST ITEM ENTRY
Main entry heading University News
909 ## -
-- 107085
Holdings
Withdrawn status Lost status Damaged status Not for loan Permanent Location Current Location Date acquired Serial Enumeration / chronology Barcode Date last seen Price effective from Koha item type
        Indian Institute of Public Administration Indian Institute of Public Administration 2018-07-19 Volume no: 53, Issue no: 8 AR107545 2018-07-19 2018-07-19 Articles

Powered by Koha